Phân cấp quản lý trong lĩnh vực di sản văn hoá phi vật thể ở Việt Nam /
محفوظ في:
| المؤلف الرئيسي: | |
|---|---|
| التنسيق: | مقال |
| اللغة: | Vietnamese |
| الموضوعات: | |
| الوسوم: |
إضافة وسم
لا توجد وسوم, كن أول من يضع وسما على هذه التسجيلة!
|
| Thư viện lưu trữ: | Thư viện Trường Đại học Đà Lạt |
|---|
| LEADER | 00816nam a2200265 4500 | ||
|---|---|---|---|
| 001 | DLU190189975 | ||
| 005 | ##20190321 | ||
| 040 | # | # | |a DLU |b vie |
| 041 | # | # | |a vie |
| 044 | # | # | |a vn |
| 100 | # | # | |a Nguyễn Thị Hiền. |
| 245 | # | # | |a Phân cấp quản lý trong lĩnh vực di sản văn hoá phi vật thể ở Việt Nam / |c Nguyễn Thị Hiền. |
| 653 | # | # | |a Bảo tồn |
| 653 | # | # | |a Di sản văn hoá phi vật thể |
| 653 | # | # | |a Phát triển |
| 653 | # | # | |a Việt Nam |
| 773 | # | # | |t Văn hoá dân gian |g Số 6(174), 2017, tr. 60-66 |
| 920 | # | # | |a Phòng Tạp chí -- Trung tâm Thông tin - Thư viện Trường Đại học Đà Lạt |
| 900 | # | # | |a True |
| 911 | # | # | |a Nguyễn Thị Thu Phương |
| 925 | # | # | |a G |
| 926 | # | # | |a A |
| 927 | # | # | |a BB |
| 980 | # | # | |a Thư viện Trường Đại học Đà Lạt |